000
00299nam a22001337a 4500
020
_a
81-7167-968-4
082
_a
823
_b
RUP/W
100
_a
RUPA HUMOUR SERIES
245
_a
WE MEN VS WOMEN
260
_a
NEW DELHI
_b
RUPA & CO
300
_a
60
650
_a
ENGLISH SHORT STORY
_z
NEW DELHI
942
_c
BK
999
_c
2729
_d
2729